FIFA 23 TOTW 21 - Statistics

General Stats
  • This quiz has been taken 8 times
  • The average score is 8 of 23
Answer Stats
rat pos club player % Correct
TOTW Starter 88 ST Napoli Victor Osimhen
100%
TOTW Starter 85 RW Arsenal Bukayo Saka
88%
TOTW Starter 88 CM Barcelona Frenkie de Jong
88%
TOTW Starter 88 CDM Aston Villa Douglas Luiz
75%
TOTW Starter 87 CDM Leverkusen Exequiel Palacios
63%
TOTW Starter 84 CB AS Monaco Guillermo Maripán
50%
TOTW Starter 84 LB Brighton & Hove Albion Pervis Estupiñán
50%
TOTW Starter 85 ST Borussia Dortmund Sébastien Haller
50%
TOTW Reserve 83 GK Union Berlin Frederik Rønnow
38%
TOTW Starter 87 GK Stade Rennais Steve Mandanda
38%
TOTW Reserve 86 CAM Atlanta United Thiago Almada
38%
TOTW Reserve 85 CM Hoffenheim Andrej Kramarić
25%
TOTW Reserve 81 ST Swindon Town Charlie Austin
25%
TOTW Reserve 84 ST Burnley Nathan Tella
25%
TOTW Reserve 81 ST Young Boys Cedric Itten
13%
TOTW Starter 83 RB Feyenoord Lutsharel Geertruida
13%
TOTW Reserve 85 ST 1. FC Heidenheim Tim Kleindienst
13%
TOTW Starter 88 RM Girona Viktor Tsygankov
13%
TOTW Reserve 79 RW Western Sydney Wanderers Amor Layouni
0%
TOTW Reserve 83 ST ATK Mohun Bagan Dimitri Petratos
0%
TOTW Reserve 83 CB Strasbourg Gerzino Nyamsi
0%
TOTW Reserve 84 LW Lazio Mattia Zaccagni
0%
TOTW Reserve 79 CB Aberdeen Mattie Pollock
0%
No matching quizzes found
Score Distribution
Percent of People with Each Score
Percentile by Number Answered
Your Score History
You have not taken this quiz